000
00324nam a2200133Ia 4500
008
150301s2015 xx 000 0 und d
082
_a
616.07
_b
E12K
100
_a
KAWTHDKAR , SHINSH
245
_a
ESSENTILS OF CLINICAL PATHOLOGY
260
_b
JEUYPEE MED PUB
300
_a
370
650
_a
PHARMACEUTICS
942
_2
ddc
_c
BK
999
_c
7202
_d
7202